Palabras en ocasión a la entrega del doctorado honoris causa a Aníbal Quijano Obregón/

Guardat en:
Dades bibliogràfiques
Autor principal: Villena Fiengo, Sergio Edgar 1964-
Format: Llibre
Idioma:Spanish
Accés en línia:https://revistas.ucr.ac.cr/index.php/anuario/article/view/26958/27133
Etiquetes: Afegir etiqueta
Sense etiquetes, Sigues el primer a etiquetar aquest registre!

MARC

LEADER 00000nam a22000007a 4500
003 cru CIDCACS/IIS
005 20210819110428.0
007 ta
008 180221s2016 cr |||||r||||||0| ||spa|d
040 |c cru CIDCACS/IIS 
100 1 |a Villena Fiengo, Sergio Edgar  |d 1964-  |9 6693 
245 1 |a Palabras en ocasión a la entrega del doctorado honoris causa a Aníbal Quijano Obregón/   |c Sergio Villena Fiengo 
300 |a páginas 465-481 
500 |a Colección Centroamérica 
773 0 |0 18765  |9 1811  |a Universidad de Costa Rica  |d San José, Costa Rica: Editorial Universidad de Costa Rica, 1974-  |o 18831  |t Anuario de Estudios Centroaméricanos /  |x 03777316 
856 |u https://revistas.ucr.ac.cr/index.php/anuario/article/view/26958/27133 
942 |2 ddc  |c PP 
999 |c 41048  |d 41048